000 01069nam a22002777a 4500
005 20240530110945.0
008 221114s 2020ua g b 000 0 ara d
017 _a2020/8518
_bمصر. دار الكتب
020 _a9789773195748
040 _aEG-CaGPL
_cEG-CaGPL
082 0 4 _221
_a327.1747
_bس ب
100 0 _aستار جبار علالى
245 1 2 _aالبرنامج النووى الايرانى :
_bتحليل البعدين الداخلى والخارجى /
_cستار جبار علالى
250 _aط.1
260 _aالقاهرة :
_bالعربى للنشر و التوزيع،
_c2020.
300 _a255 ص. ؛
_c24 سم.
504 _aيشتمل على ارجاعات ببليوجرافية
650 0 7 _2qrmak
_aالاسلحة النووية
650 0 7 _2qrmak
_aالاسلحة الذرية
650 0 7 _2qrmak
_aتحديد التسلح
650 0 7 _2qrmak
_aتخفيض التسلح
651 _2qrmak
653 0 _aالبرنامج النووى الايرانى
942 _2ddc
_cBK
999 _c66884
_d66884